| 000 | 00961cab a2200241 4500 | ||
|---|---|---|---|
| 001 | WB2840-34 | ||
| 008 | 090401t1992 xxu||||| |||| 00| 0 eng d | ||
| 035 | _a(Sirsi) u39015 | ||
| 041 | _aeng | ||
| 245 | _aPrivity review puts deals in suspense | ||
| 260 | _c1992 | ||
| 350 | _a0 | ||
| 490 |
_aEstates Times _v(1162) 9 October 1992, 7 |
||
| 490 |
_aTimes _v14 October 1992, 22(2) |
||
| 520 | _aReports on the findings of a CBI seminar which brought together representative landlords and tenants to discuss reform of landlord and tenant law. Suggestions include abolition of privity of contract. Gives details of test case in which assignors of a lease in Reading are challenging landlord AXA Equity and Law over their claim for privity of contract. | ||
| 650 | _aLEASE REFORM | ||
| 650 | _aLEASES | ||
| 650 | _aPRIVITY OF CONTRACT | ||
| 650 | _aTEST CASE | ||
| 690 | _aLANDLORD AND TENANT-BUSINESS TENANCIES | ||
| 942 | _n0 | ||
| 948 | _c04/03/1997 | ||
| 999 |
_c25012 _d25012 |
||